00326cam a22001217a 4500008004000000082001800040100001600058245005000074260002600124300001000150650003400160650001000194180718b1996 xxu||||| |||| 00| 0 eng d aB142x54 Si64i aSingh, J.P. aIndian woman: myth and realitycby J.P. Singh aNew DelhibGyanc1996 a418p. aWomen - Legal status - India. aWomen